000
00290nam a22001097a 4500
008
160523b xxu||||| |||| 00| 0 eng d
020
_a
0072416467
041
_a
eng
080
_a
316.77
245
_a
Mass media mass culture an introduction:
_c
James R. Wilson; S. Roy Wilson;
942
_2
udc
_c
BK
999
_c
2371
_d
2371